|
|
|
|
| LEADER |
04544nam a22003973i 4500 |
| 001 |
EBC30686127 |
| 003 |
MiAaPQ |
| 005 |
20231204023231.0 |
| 006 |
m o d | |
| 007 |
cr cnu|||||||| |
| 008 |
231204s2004 xx o ||||0 ger d |
| 020 |
|
|
|a 9783631754054
|q (electronic bk.)
|
| 020 |
|
|
|z 9783631525012
|
| 035 |
|
|
|a (MiAaPQ)EBC30686127
|
| 035 |
|
|
|a (Au-PeEL)EBL30686127
|
| 035 |
|
|
|a (OCoLC)1397574056
|
| 040 |
|
|
|a MiAaPQ
|b eng
|e rda
|e pn
|c MiAaPQ
|d MiAaPQ
|
| 100 |
1 |
|
|a Sedlacek, Günther.
|
| 245 |
1 |
0 |
|a Analyse der Studiendauer und des Studienabbruch-Risikos :
|b Unter Verwendung der Statistischen Methoden der Ereignisanalyse.
|
| 250 |
|
|
|a 1st ed.
|
| 264 |
|
1 |
|a Frankfurt a.M. :
|b Peter Lang GmbH, Internationaler Verlag der Wissenschaften,
|c 2004.
|
| 264 |
|
4 |
|c {copy}2005.
|
| 300 |
|
|
|a 1 online resource (230 pages)
|
| 336 |
|
|
|a text
|b txt
|2 rdacontent
|
| 337 |
|
|
|a computer
|b c
|2 rdamedia
|
| 338 |
|
|
|a online resource
|b cr
|2 rdacarrier
|
| 490 |
1 |
|
|a Forschungsergebnisse der Wirtschaftsuniversitaet Wien Series ;
|v v.4
|
| 505 |
0 |
|
|a Cover -- 1 Einleitung -- 1.1 Hintergrund und Zielsetzungen der Arbeit -- 1.2 Retrospektive und prospektive Methoden -- 1.3 Aufbau und Gliederung -- A Statistische Theorie der Ereignisanalyse -- 2 Einführung in die Ereignisanalyse -- 2.1 Ein Überblick über die Ereignisanalyse -- 2.2 Ereignisdaten und Spezifika der Ereignisanalyse -- 3 Grundkonzepte -- 3.1 Hazardrate, Überlebens- und Dichtefunktion -- 3.2 Zensieren und Abschneiden -- 4 Nicht-parametrische Verfahren -- 4.1 Kaplan-Meier- und Nelson-Aalen-Methode -- 4.2 Sterbetafel-Methode -- 4.3 Vergleich von Überlebensfunktionen -- 5 Parametrische Regressionsmodelle -- 5.1 Typische Verteilungsannahmen und Einbeziehung von Kovariablen -- 5.2 Schätzen der Parameter und Hypothesentests -- 5.3 Überprüfung von Verteilungsannahmen -- 5.4 Das stückweise konstante Hazards-Modell -- 6 Das semiparametrische Hazards-Modell von Cox -- 6.1 Hazardrate und Überlebensfunktion im Cox-Modell -- 6.2 Partielle Likelihood Schätzung -- 6.3 Zeitabhängige Kovariablen -- 6.4 Das stratifizierte Cox-Modell -- 6.5 Modellüberprüfungen -- 7 Mehr-Zustands- und Mehr-Episoden-Modelle -- 7.1 Mehr-Zustands-Modelle -- 7.2 Erweiterung der Mehr-Zustands-Modelle auf den Mehr-Episoden-Fall -- 8 Diskrete Ereignisdatenmodelle -- 8.1 Logistisches- und gruppiertes Cox-Modell -- 8.2 Maximum-Likelihood-Schätzung -- B Empirische Analyse der Studiendauer und des Studienabbruch-Risikos -- 9 Studien zu den Themen Studiendauer und Studienabbruch -- 9.1 Befragungen -- 9.2 Analyse der Daten aus der Hörerevidenz -- 9.3 Studien untzer Verwendung der Ereignisdatenanalyse -- 10 Daten und erklärende Variablen -- 10.1 Daten aus der Hörerevidenz (Systemdaten) -- 10.2 Ergänzende Daten aus einer Befragung -- 11 Deskriptive Analysen -- 11.1 Beschreibung des Studienfortschritts -- 11.2 Analyse des Studienfortschritts in Abhängigkeit von demographischen Variablen.
|
| 505 |
8 |
|
|a 12 Analyse der Studiendauer und der Studienabschlussrate mit Hilfe von Ereignisdatenmodellen -- 12.1 Einleitung -- 12.2 Analyse der Studiendauer - log-lineare parametrische Modelle -- 12.3 Analyse der Studienabschlussrate - semiparametrische Modellierung -- 13 Analyse des Studienabbruchs -- 13.1 Einleitung -- 13.2 Analyse der Studienabbruch-Wahrscheinlichkeit ohne positive Leistung -- 13.3 Analyse der Studienabbruchrate -- 14 Erweiterung der Analysen -- 14.1 Sensitivitätsanalyse -- 14.2 Mehr-Episoden-Modelle -- 14.3 Diskrete Modelle -- 15 Zusammenfassung und Diskussion der Ergebnisse -- 15.1 Analyse der Studiendauer und der Hazardrate für den Studienabschluss -- 15.2 Analyse der Studienabbruchrate -- 15.3 Ausblick -- Anhang A -- Anhang B -- Abbildungsverzeichnis -- Tabellenverzeichnis -- Literaturverzeichnis.
|
| 588 |
|
|
|a Description based on publisher supplied metadata and other sources.
|
| 590 |
|
|
|a Electronic reproduction. Ann Arbor, Michigan : ProQuest Ebook Central, 2023. Available via World Wide Web. Access may be limited to ProQuest Ebook Central affiliated libraries.
|
| 655 |
|
4 |
|a Electronic books.
|
| 776 |
0 |
8 |
|i Print version:
|a Sedlacek, Günther
|t Analyse der Studiendauer und des Studienabbruch-Risikos
|d Frankfurt a.M. : Peter Lang GmbH, Internationaler Verlag der Wissenschaften,c2004
|z 9783631525012
|
| 797 |
2 |
|
|a ProQuest (Firm)
|
| 830 |
|
0 |
|a Forschungsergebnisse der Wirtschaftsuniversitaet Wien Series
|
| 856 |
4 |
0 |
|u https://ebookcentral.proquest.com/lib/matrademy/detail.action?docID=30686127
|z Click to View
|